KAMUS SAINS FORENSIK: PEMPROFILAN DNA DAN SEROLOGI

Saved in:
Bibliographic Details
Format: Unknown
Tags: Add Tag
No Tags, Be the first to tag this record!
Call Number :

MARC

LEADER 00000 a2200000 4500
001 107586
020 |a 9789834614997 
040 |a MY-KlNDU  |b eng  |c MY-KlNDU  |e rda 
245 |a KAMUS SAINS FORENSIK: PEMPROFILAN DNA DAN SEROLOGI 
336 |a text  |b  \2 rdacontent 
337 |a unmediated  |b  \2 rdamedia 
338 |a volume  |b  \2 rdacarrier 
942 |c 1 
999 |c 107586  |d 107586